01066nam a2200253 a 4500001001000000005001700010041000800027044000800035084002000043100001700063245014600080260003200226300001700258500011700275500009700392500005100489500001100540546002400551650005200575650005600627650003400683650004500717740005000762BRCA_346720190320204310.0 aeng aenk a756b.W37c17111 aWard, Edward10aThe Life and Notables Adventures of that Renowned Knight, Don Quixote de la ManchacMerrily Translated into Hudibrastic Verse by Edward Ward. aLondresbT. Norrisc1711-12 a2 v.c21 cm. aContenido : v.1. Primera parte. Dedicatoria de E. Ward. Prólogo. -- v.2. Segunda parte. Dedicatoria de E. Ward aTraducción humorística en verso del Quijote hecha por Edward Ward. Piel Lúdovik Osterc aEstado físico : Cubierta del v.1 desprendida aQMB106 aTexto en : inglés14aNovela españolayÉpoca clásica, 1500-170014aLiteratura españolayÉpoca clásica, 1500-170014aNovela españolaySiglo XVII14aDon Quijote (Personaje ficticio)eNovela0 aEl Ingenioso Hidalgo Don Quijote de la Mancha